Геотектоногены Казахстана и редкометальное оруденение: в 2 т.
| Další autoři: | |
|---|---|
| Jazyk: | ruština |
| Vydáno: |
Алма-Ата, Наука, 1972-
|
| Médium: | MixedMaterials Kniha |
| KOHA link: | https://koha.lib.tpu.ru/cgi-bin/koha/opac-detail.pl?biblionumber=139195 |
MARC
| LEADER | 00000nam1a2200000 4500 | ||
|---|---|---|---|
| 001 | 139195 | ||
| 005 | 20231031141650.0 | ||
| 035 | |a (RuTPU)RU\TPU\book\150802 | ||
| 090 | |a 139195 | ||
| 100 | |a 20080604d1972 m y0rusy50 ca | ||
| 101 | 0 | |a rus | |
| 102 | |a KZ | ||
| 200 | 1 | |a Геотектоногены Казахстана и редкометальное оруденение |e в 2 т. |f под ред. Г. Н. Щерба | |
| 210 | |a Алма-Ата |c Наука |d 1972- | ||
| 675 | |a 551.24(С5) |v 3 | ||
| 675 | |a 553.493 |v 3 | ||
| 702 | 1 | |a Щерба |b Г. Н. |4 340 | |
| 801 | 1 | |a RU |b 63413507 |c 20080604 |g PSBO | |
| 942 | |c BK | ||